header

Guns and butter (Record no. 167904)

MARC details
000 -LEADER
fixed length control field 01277nam a2200337Ia 4500
082 04 - DEWEY DECIMAL CLASSIFICATION NUMBER
Classification number 303.6
245 00 - TITLE STATEMENT
Title Guns and butter
260 ## - PUBLICATION, DISTRIBUTION, ETC. (IMPRINT)
Place of publication Cambridge, MA :
Name of publisher MIT Press,
Year of publication c2009.
300 ## - PHYSICAL DESCRIPTION
Number of Pages vi, 323 p. :
Other physical details ill.
490 1# - SERIES STATEMENT
Series statement CESifo seminar series
650 #0 - SUBJECT ADDED ENTRY--TOPICAL TERM
Topical Term War
Topical Term Economics.
700 1# - ADDED ENTRY--PERSONAL NAME
Personal name Hess, Gregory D.
856 40 - ELECTRONIC LOCATION AND ACCESS
Uniform Resource Identifier http://site.ebrary.com/lib/rucke/Doc?id=10315975

No items available.

© 2026 Rongo University
Contact us: librarian | system librarian | Rongo university